किताबों से बातें / (Record no. 205106)

MARC details
000 -LEADER
fixed length control field 01389nam a22002057a 4500
005 - DATE AND TIME OF LATEST TRANSACTION
control field 20241016164728.0
010 ## - LCCN (DPL NO)
LC control number B-760403-413 07/24,CHHN
020 ## - INTERNATIONAL STANDARD BOOK NUMBER
Terms of availability 175.00
International Standard Book Number 9789354096624
035 ## - SYSTEM CONTROL NUMBER
System control number B-760403-413
037 ## - SOURCE OF ACQUISITION
Source of stock number/acquisition बुकवेल पब्लिकेशन
082 ## - DEWEY DECIMAL CLASSIFICATION NUMBER
Classification number
100 ## - MAIN ENTRY--PERSONAL NAME
Personal name शर्मा,रोचिका अरूण
245 ## - TITLE STATEMENT
Title किताबों से बातें /
Statement of responsibility, etc रोचिका अरूण शर्माःममता रानी द्वारा संपादित
260 ## - PUBLICATION, DISTRIBUTION, ETC. (IMPRINT)
Place of publication, distribution, etc नई दिल्ली
Name of publisher, distributor, etc प्रकाशन विभाग
Date of publication, distribution, etc 2022
270 ## - ADDRESS
Address सूचना और प्रसारण मंत्रालय, भारत सरकार, सूचना भवन, सी.जी.ओ.कॉम्प्लेक्स, लोदी रोड
City नई दिल्ली
Postal code 110003
300 ## - PHYSICAL DESCRIPTION
Extent 57पृ.:
Dimensions 24सेमी (अजिल्द)
Other physical details सचित्र
700 ## - ADDED ENTRY--PERSONAL NAME
Personal name ममता रानी
9 (RLIN) 69552
942 ## - ADDED ENTRY ELEMENTS (KOHA)
Source of classification or shelving scheme Dewey Decimal Classification
Item type Children Books
Classification part
Call number suffix शर्मारो
Holdings
Withdrawn status Lost status Not for loan Collection code Home library Current library Date acquired Source of acquisition Cost, normal purchase price Full call number Barcode Copy number Cost, replacement price Koha item type
      Fiction Andrews Gunj Andrews Gunj 16/10/2024 बुकवेल पब्लिकेशन/381/07.09.2024/215/03.09.2024/23.09.2024 175.00 क शर्मारो B-760408 1 175.00 Children Books
      Fiction Central Library Central Library 16/10/2024 बुकवेल पब्लिकेशन/381/07.09.2024/215/03.09.2024/23.09.2024 175.00 क शर्मारो B-760403 1 175.00 Children Books
      Fiction Community Library Lodhi Road Community Library Lodhi Road 16/10/2024 बुकवेल पब्लिकेशन/381/07.09.2024/215/03.09.2024/23.09.2024 175.00 क शर्मारो B-760412 1 175.00 Children Books
      Fiction Diz Area Diz Area 16/10/2024 बुकवेल पब्लिकेशन/381/07.09.2024/215/03.09.2024/23.09.2024 175.00 क शर्मारो B-760405 1 175.00 Children Books
      Fiction Peshwa Road Peshwa Road 16/10/2024 बुकवेल पब्लिकेशन/381/07.09.2024/215/03.09.2024/23.09.2024 175.00 क शर्मारो B-760404 1 175.00 Children Books
      Fiction R.K.Puram-8 R.K.Puram-8 16/10/2024 बुकवेल पब्लिकेशन/381/07.09.2024/215/03.09.2024/23.09.2024 175.00 क शर्मारो B-760407 1 175.00 Children Books
      Fiction RCZLS D RCZLS D 16/10/2024 बुकवेल पब्लिकेशन/381/07.09.2024/215/03.09.2024/23.09.2024 175.00 क शर्मारो B-760413 1 175.00 Children Books
      Fiction Sarojini Nagar Sarojini Nagar 16/10/2024 बुकवेल पब्लिकेशन/381/07.09.2024/215/03.09.2024/23.09.2024 175.00 क शर्मारो B-760406 1 175.00 Children Books
      Fiction Shahdara Branch Shahdara Branch 16/10/2024 बुकवेल पब्लिकेशन/381/07.09.2024/215/03.09.2024/23.09.2024 175.00 क शर्मारो B-760410 1 175.00 Children Books
      Fiction Vinoba Puri Vinoba Puri 16/10/2024 बुकवेल पब्लिकेशन/381/07.09.2024/215/03.09.2024/23.09.2024 175.00 क शर्मारो B-760409 1 175.00 Children Books
      Fiction Yojana Vihar Yojana Vihar 16/10/2024 बुकवेल पब्लिकेशन/381/07.09.2024/215/03.09.2024/23.09.2024 175.00 क शर्मारो B-760411 1 175.00 Children Books

© Delhi Public Library
Hit Counter
free hit counter